00348nam a2200133Ia 4500008004100000041000800041082001500049100002200064245004200086250001400128260003500142300003000177365000700207240624s9999 xx 000 0 und d aeng a302.35 ROB aROBBINS STEPHEN P aESSENTIALS OF ORGANIZATIONAL BEHAVIOR a(7th ed.) c2003aNew DelhibPrentice-Hall axx, : 300 : p. : cm. ; 24 cRS